| 000 | 01099cam a2200289 4500 | ||
|---|---|---|---|
| 001 | D5652 | ||
| 008 | 090401t1982 xxu||||| |||| 00| 0 eng d | ||
| 035 | _a(Sirsi) u62617 | ||
| 041 | _aeng | ||
| 050 |
_a346.41032 _c18 |
||
| 100 | _aHolyoak, J. H. | ||
| 245 | _aCivil liability for defective premises | ||
| 260 |
_aLondon _bButterworths _c1982 |
||
| 300 |
_axxvii, 278p. _c25cm |
||
| 350 | _a22.50 | ||
| 520 | _aProvides comprehensive coverage of the rules and principles governing civil liability of the occupier, the builder, the professional, the local authority, the vendor, the landlord. The public control of defective premises and joint liability and contribution between parties are also considered. | ||
| 650 | _aOCCUPIERS LIABILITY ACT 1957 | ||
| 650 | _aRYLANDS V FLETCHER | ||
| 650 | _aHEDLEY BYRNE AND CO LTD V HELLER AND PARTNERS LTD | ||
| 650 | _aMISREPRESENTATION ACT 1967 | ||
| 650 | _aHOUSING ACT 1957 PART II | ||
| 650 | _aPUBLIC HEALTH ACT 1936 PART III | ||
| 690 |
_aBlock management _96220 |
||
| 700 | _aAllen, David K. | ||
| 942 | _n0 | ||
| 948 | _c04/03/1997 | ||
| 999 |
_c94456 _d94456 |
||